000 00903nam a2200265 a 4500
001 BRL_1244
005 20190320211115.0
008 041213s1998----mx-a######---#000-0#spa-#
041 _aspa
044 _amx
050 4 _aND259.T65
_b.57 1998
100 1 _aToledo, Francisco
_926260
245 1 0 _aInsectario, 1995-1996
_cFrancisco Toledo.
260 _aOaxaca, México
_bMuseo de Arte Contemporáneo de Oaxaca
_c[1998]
300 _a63 p.
_bil.
_c21 cm.
500 _aAu1422
500 _aIncluye dedicatoria a Ruth Lechuga
500 _aTexto en: español e inglés
500 _aExposición presentada en el Museo de Arte Contemporáneo de Oaxaca diciembre de 1997 a febrero de 1998
600 1 4 _aToledo, Francisco
_d1940-
_vExposiciones
_926261
650 1 4 _aPintores mexicanos
_vExposiciones
_923226
650 1 4 _aInsectos en el arte
_vExposiciones
_926262
902 _aGRL
942 _2lcc
_cB
999 _c10056
_d10056